Focus 1 /

Hlavní autor: Giff, Patricia Reilly, 1935-
Další autoři: Umińska, Marta, Michałowski, Bartosz, Fricker, Rod, Trapnell, Beata
Jazyk: Angličtina
Vydáno: Harlow : Pearson, 2016
Vydání: First published
Témata:
Fyzický popis: 4 svazky : ilustrace (převážně barevné) ; 30 cm
Knihy
Uloženo v:
LEADER 02927nam a2200601 ia4500
001 001550797
003 CZ BrMZK
005 20180108124857.0
007 ta
008 161104s2016 xxka e p 000 0 eng
020 |a 978-1-4479-9767-2  |q (students' book ;  |q brožováno) 
020 |a 978-1-4479-9775-7  |q (workbook ;  |q brožováno) 
020 |a 978-1-292-11004-2  |q (teacher's book ;  |q brožováno) 
020 |a 978-1-4479-9768-9  |q (teacher's book ;  |q MultiROM) 
020 |a 978-1-4479-9755-9  |q (class CDs) 
040 |a BOA001  |b cze  |e rda 
072 7 |a 811.111  |x Angličtina  |2 Konspekt  |9 11 
072 7 |a 37.016  |x Učební osnovy. Vyučovací předměty. Učebnice  |2 Konspekt  |9 22 
080 |a 811.111  |2 MRF 
080 |a (07.062)81  |2 MRF 
080 |a (076.1)  |2 MRF 
080 |a (072)  |2 MRF 
100 1 |a Giff, Patricia Reilly,  |d 1935-  |7 xx0045006  |4 aut 
245 1 0 |a Focus 1 /  |c Patricia Reilly, Marta Umińska, Bartosz Michałowski 
250 |a First published 
264 1 |a Harlow :  |b Pearson,  |c 2016 
300 |a 4 svazky :  |b ilustrace (převážně barevné) ;  |c 30 cm 
336 |a text  |b txt  |2 rdacontent 
336 |a mluvené slovo  |b spw  |2 rdacontent 
336 |a dvojrozměrný pohyblivý obraz  |b tdi  |2 rdacontent 
337 |a bez média  |b n  |2 rdamedia 
337 |a počítač  |b c  |2 rdamedia 
338 |a svazek  |b nc  |2 rdacarrier 
338 |a počítačový disk  |b cd  |2 rdacarrier 
500 |a Název z obálky 
505 0 |a student's book. 127, 24 stran -- workbook / Rod Fricker, Bartosz Michałowski. 160 stran -- teacher's book / Patricia Reilly, Beata Trapnell. 240, 24 stran + 1 multi ROM -- class CDs. 3 CD 
650 0 7 |a angličtina  |7 ph114056  |2 czenas 
653 0 |a jazyková úroveň A2 
655 7 |a jazykové učebnice, texty, příručky (A)  |7 fd600889  |2 czenas 
655 7 |a pracovní sešity  |7 fd133116  |2 czenas 
655 7 |a metodické příručky  |7 fd132826  |2 czenas 
700 1 |a Umińska, Marta  |7 pna2008467133  |4 aut 
700 1 |a Michałowski, Bartosz  |7 pna2016914194  |4 aut 
700 1 |a Fricker, Rod  |7 pna2007403785  |4 aut 
700 1 |a Trapnell, Beata  |4 aut 
910 |a BOA001  |b 4-1376.852  |b CDR-1350.442 
990 |a BK 
991 |b 201701  |c NOV  |x 99 
996 7 |b 2610687487  |c 4-1376.852  |d 1,students' book  |v 1  |l Anglická knihovna/2.patro  |r ZHR  |n 7  |p kupz  |h CY 35  |w 001587979  |u 000010  |a 0  |e BOA001  |j MZK50  |s A 
996 7 |b 2610687488  |c 4-1376.852  |d 2,workbook  |v 2  |l Anglická knihovna/2.patro  |r ZHR  |n 1  |p kupz  |h CY 35  |w 001587979  |u 000020  |a 0  |e BOA001  |j MZK50  |s A 
996 7 |b 2610687489  |c 4-1376.852  |d 3,teacher's book  |v 3  |l Anglická knihovna/2.patro  |r ZHR  |n 1  |p kupz  |h CY 35  |w 001587979  |u 000030  |a 0  |e BOA001  |j MZK50  |s A 
996 7 |b 2610687490  |c CDR-1350.442  |d 4, CD 1-3  |v 4  |l Anglická knihovna/2.patro  |r ZHR  |n 0  |p kupz  |h CD-B 160  |w 001587979  |u 000050  |a 0  |e BOA001  |j MZK50  |s A 
996 7 |b DKAA000419  |c CDR-1376.852  |d 3,teacher's book MultiROM  |v 3  |l Anglická knihovna/2.patro  |r ZHR  |n 0  |p kupz  |h CD-R 410  |w 001587979  |u 000040  |a 0  |e BOA001  |j MZK50  |s A